LEADER 01019nam--2200349---450- 001 990005856570203316 005 20130611084409.0 035 $a000585657 035 $aUSA01000585657 035 $a(ALEPH)000585657USA01 035 $a000585657 100 $a20130611d2002----km-y0itay50------ba 101 0 $aita 102 $aIT 105 $ay|||z|||001yy 200 1 $aQuelli di fuori$edall'emigrazione all'immigrazione$eil caso italiano$fa cura di Luigi Di Comite e Anna Paterno 210 $aMilano$cAngeli$d2002 215 $a253 p.$d23 cm 225 2 $aDemocrazia e diritto$v11 410 0$12001$aDemocrazia e diritto$v11 606 0 $aImmigrazione$yItalia$2BNCF 676 $a304.845 702 1$aDI COMITE,$bLuigi 702 1$aPATERNO,$bAnna 801 0$aIT$bsalbc$gISBD 912 $a990005856570203316 951 $aII.5. 7482$b8657 L.G.$cII.5.$d00341403 959 $aBK 969 $aUMA 979 $aANNAMARIA$b90$c20130611$lUSA01$h0844 996 $aQuelli di fuori$9511485 997 $aUNISA